000 00851nam a2200193Ia 4500
003 Ost
005 20260507075747.0
008 260507s9999||||xx |||||||||||||| ||und||
040 _cfsecg
041 _aara
082 _a330
100 _aأحمد، ابراهيم سيد
_eمؤلف
245 0 _aالوسيط في القضايا التعويضات ومسؤولية شركات التأمين في حوادث السيارات علما أو عملا /
_c ابراهيم سيد أحمد
260 _aالقاهرة:
_bدار الكتب القانونية,
_c2003
300 _a266 صفحة؛
_bإيضاحات ؛
_c24 سم
520 _aجرائم القتل والإصابة الخطأ وحوادث السيارات- المبادئ القضائية- التأمين من حوادث السيارات.
653 _aالتعويض
942 _cكتاب
999 _c46202
_d46202